[Event "Sao Martinho do Porto op 1st"]
[Site "Sao Martinho do Porto"]
[Date "2018.09.15"]
[Round "1"]
[White "Sismeiro, Miguel"]
[Black "Mueller, Dieter"]
[Result "1-0"]
[WhiteElo "2014"]
[BlackElo "1632"]
[PlyCount "101"]
[EventDate "2018.09.15"]
[EventType "swiss"]
[EventRounds "9"]
[EventCountry "POR"]
[SourceTitle "CBM 186 Extra"]
[Source "ChessBase"]
[SourceDate "2018.08.24"]
[SourceVersion "1"]
[SourceVersionDate "2018.08.24"]
[SourceQuality "1"]

1. e4 d6 2. d4 Nf6 3. Nc3 g6 4. f3 Bg7 5. Be3 0-0 6. Qd2 c6 7. g4 b5 8. h4 h5 9. g5 Nfd7 10. Bd3 Na6 11. Nge2 Nc7 12. 0-0 a5 13. f4 e5 14. dxe5 dxe5 15. f5 f6 16. Ng3 Kh7 17. Qd1 Qe8 18. fxg6+ Qxg6 19. Qxh5+ Qxh5 20. Nxh5 Ne8 21. Ne2 Rg8 22. Neg3 Bh8 23. a4 Ba6 24. axb5 Bxb5 25. Bxb5 cxb5 26. Rad1 Nf8 27. Kh2 Kg6 28. Nxf6 Bxf6 29. gxf6 Kf7 30. Bg5 Ra7 31. Rd5 Nd7 32. Nf5 Ke6 33. Ne7 Rh8 34. Ng6 Rh7 35. f7 Rxf7 36. Rxf7 Kxf7 37. Rxd7+ Rxd7 38. Nxe5+ Ke6 39. Nxd7 Kxd7 40. h5 Nd6 41. h6 Nf7 42. h7 Ke6 43. Bd2 b4 44. c3 Kf6 45. cxb4 axb4 46. Bxb4 Kg6 47. Kg3 Kxh7 48. Kf4 Kg6 49. Be7 Nh6 50. b4 Ng8 51. Bg5 1-0

[Event "Verbandsliga Nordbaden 1415"]
[Site "Baden"]
[Date "2014.11.23"]
[Round "3.4"]
[White "Mueller, Dieter"]
[Black "Kraemer, Enrico"]
[Result "1/2-1/2"]
[WhiteElo "2087"]
[BlackElo "2158"]
[PlyCount "140"]
[EventDate "2014.10.12"]
[EventType "team-tourn"]
[EventRounds "9"]
[EventCountry "GER"]
[SourceTitle "EXT 2022"]
[Source "ChessBase"]
[SourceDate "2021.10.06"]
[SourceVersion "1"]
[SourceVersionDate "2021.10.06"]
[SourceQuality "1"]
[WhiteTeam "Pforzheim"]
[BlackTeam "Leimen"]
[WhiteTeamCountry "GER"]
[BlackTeamCountry "GER"]

1. e4 e6 2. d4 d5 3. Nc3 Nf6 4. Bg5 Be7 5. e5 Nfd7 6. Bxe7 Qxe7 7. Qd2 a6 8. f4 c5 9. Nf3 Nc6 10. dxc5 Nxc5 11. 0-0-0 Bd7 12. Kb1 b5 13. Bd3 b4 14. Ne2 a5 15. Ned4 Nxd4 16. Nxd4 0-0 17. Qe3 a4 18. Rc1 Rfb8 19. g4 b3 20. cxb3 axb3 21. Nxb3 Nxb3 22. axb3 Qb4 23. Rc7 Qa5 24. Rhc1 Qa2+ 25. Kc2 Qxb3+ 26. Kd2 Qxb2+ 27. R1c2 Qb4+ 28. Ke2 Bb5 29. Bxb5 Qxb5+ 30. Kf2 Rf8 31. f5 Ra1 32. Kg3 Rd1 33. Kh4 d4 34. Qa3 Qxe5 35. Rc8 Qe1+ 36. Kh3 Qe3+ 37. Qxe3 dxe3 38. fxe6 fxe6 39. Rxf8+ Kxf8 40. Re2 Rd3 41. Kg3 Ke7 42. Kf4 Rd2 43. Rxe3 Rxh2 44. Ra3 Kf6 45. Ra6 Rf2+ 46. Kg3 Rb2 47. Ra3 Rb7 48. Rf3+ Ke5 49. Re3+ Kd5 50. Ra3 Re7 51. Ra5+ Ke4 52. g5 e5 53. Kg4 Kd3 54. Ra3+ Kc2 55. Kf5 e4 56. Re3 Kd2 57. Rxe4 Rxe4 58. Kxe4 Ke2 59. g6 h5 60. Kf4 h4 61. Kg4 h3 62. Kxh3 Kf3 63. Kh4 Kf4 64. Kh5 Kf5 65. Kh4 Kxg6 66. Kg4 Kf6 67. Kf4 g6 68. Kg4 g5 69. Kg3 Kf5 70. Kf3 g4+ 1/2-1/2

[Event "Mittelfranken-chTB2a 1314"]
[Site "Mittelfranken"]
[Date "2014.05.04"]
[Round "9.5"]
[White "Golziow, Manfred"]
[Black "Mueller, Dieter"]
[Result "1/2-1/2"]
[WhiteElo "1771"]
[BlackElo "1561"]
[PlyCount "38"]
[EventDate "2013.10.20"]
[EventType "team-tourn"]
[EventRounds "9"]
[EventCountry "GER"]
[SourceTitle "EXT 2020"]
[Source "ChessBase"]
[SourceDate "2019.10.17"]
[SourceVersion "1"]
[SourceVersionDate "2019.10.17"]
[SourceQuality "1"]
[WhiteTeam "Anderssen/78 Nuernberg"]
[BlackTeam "Dinkelsbuehl Wassertruedingen"]
[WhiteTeamCountry "GER"]
[BlackTeamCountry "GER"]

1. d4 d5 2. c4 Nf6 3. cxd5 Nxd5 4. Nf3 e6 5. e4 Nf6 6. Bd3 Be7 7. Nc3 c6 8. 0-0 Nbd7 9. h3 0-0 10. b3 Re8 11. Bb2 Nf8 12. Qc2 a6 13. Rad1 b5 14. Qe2 Bb7 15. Rc1 Qb6 16. Rfd1 c5 17. dxc5 Bxc5 18. a3 Be7 19. b4 Ng6 1/2-1/2

[Event "Verbandsliga Nord Baden 1112"]
[Site "Germany"]
[Date "2012.04.29"]
[Round "9.6"]
[White "Nonnenmacher, Eberhard"]
[Black "Mueller, Dieter"]
[Result "1-0"]
[WhiteElo "2285"]
[BlackElo "2108"]
[PlyCount "85"]
[EventDate "2011.10.09"]
[EventType "team-tourn"]
[EventRounds "9"]
[EventCountry "GER"]
[SourceTitle "EXT 2013"]
[Source "ChessBase"]
[SourceDate "2012.11.22"]
[SourceVersion "1"]
[SourceVersionDate "2012.11.22"]
[SourceQuality "1"]
[WhiteTeam "Heidelberg"]
[BlackTeam "Pforzheim"]
[WhiteTeamCountry "GER"]
[BlackTeamCountry "GER"]

1. e4 c5 2. Nf3 e6 3. g3 Nc6 4. Bg2 Nf6 5. d3 d5 6. Nbd2 g6 7. 0-0 Bg7 8. exd5 Nxd5 9. Nc4 0-0 10. Re1 Re8 11. a4 e5 12. Bd2 Rb8 13. Qc1 b6 14. Bh6 Bh8 15. Nfd2 Ndb4 16. Nf3 Bg4 17. Ncd2 Qd7 18. Nf1 Rbc8 19. Ne3 Nd4 20. Nxd4 cxd4 21. Nc4 Be6 22. Qd2 Qe7 23. b3 Bd5 24. h4 f5 25. Bg5 Qc5 26. h5 e4 27. Bh3 e3 28. Qe2 Qc6 29. fxe3 dxe3 30. Bxe3 Bf3 31. Qf2 Bxh5 32. Bg2 Qd7 33. Kh2 Nd5 34. Bxd5+ Qxd5 35. d4 Bf3 36. c3 Be4 37. Bf4 Qd8 38. Nd6 Rxc3 39. Nxe8 Qxe8 40. Rac1 Rxb3 41. Qa2 Qf7 42. Rc8+ Kg7 43. Rc7 1-0

[Event "NRW Class1 0506"]
[Site "Germany"]
[Date "2006.03.05"]
[Round "7.6"]
[White "Horstmann, Olaf"]
[Black "Mueller, Dieter"]
[Result "1-0"]
[WhiteElo "2212"]
[BlackElo "2156"]
[PlyCount "107"]
[EventDate "2005.09.25"]
[EventType "team"]
[EventRounds "9"]
[EventCountry "GER"]
[SourceTitle "EXT 2006"]
[Source "ChessBase"]
[SourceDate "2005.11.24"]
[SourceVersion "1"]
[SourceVersionDate "2005.11.24"]
[SourceQuality "1"]
[WhiteTeam "Godesberg II"]
[BlackTeam "Koeln Brueck"]
[WhiteTeamCountry "GER"]
[BlackTeamCountry "GER"]

1. e4 e6 2. d3 d5 3. Nd2 Nf6 4. Ngf3 c5 5. g3 Nc6 6. Bg2 Be7 7. 0-0 Qc7 8. Re1 b6 9. exd5 exd5 10. d4 0-0 11. Nb3 Bb7 12. Bf4 Bd6 13. Bxd6 Qxd6 14. c3 Rfe8 15. Qc2 Rad8 16. Rad1 Bc8 17. h3 g6 18. Qc1 Kg7 19. Re3 c4 20. Rxe8 Rxe8 21. Nbd2 b5 22. Re1 Rxe1+ 23. Qxe1 b4 24. Ne5 bxc3 25. bxc3 Ba6 26. Nf1 Qe6 27. Qe3 Ne7 28. g4 Nd7 29. Nxd7 Qxd7 30. Qf4 Bb7 31. Ne3 f6 32. g5 fxg5 33. Qe5+ Kf8 34. Ng4 Ng8 35. Qb8+ Qc8 36. Qd6+ Ne7 37. Qf6+ Ke8 38. Ne5 Qf5 39. Qh8+ Qf8 40. Qxh7 Qg8 41. Qh6 Bc8 42. Qxg5 Qe6 43. Qh6 Qf6 44. Qe3 Kd8 45. f4 Be6 46. Ng4 Qf5 47. Qe5 Qb1+ 48. Kh2 Bxg4 49. hxg4 Qxa2 50. f5 gxf5 51. gxf5 Qf2 52. f6 Nf5 53. f7 Ne7 54. Qh8+ 1-0

[Event "NRW Class1 0506"]
[Site "Germany"]
[Date "2005.12.04"]
[Round "4.7"]
[White "Mueller, Dieter"]
[Black "Peters, Ortwin"]
[Result "1/2-1/2"]
[WhiteElo "2156"]
[BlackElo "2113"]
[PlyCount "48"]
[EventDate "2005.09.25"]
[EventType "team"]
[EventRounds "9"]
[EventCountry "GER"]
[SourceTitle "EXT 2006"]
[Source "ChessBase"]
[SourceDate "2005.11.24"]
[SourceVersion "1"]
[SourceVersionDate "2005.11.24"]
[SourceQuality "1"]
[WhiteTeam "Koeln Brueck"]
[BlackTeam "Solingen III"]
[WhiteTeamCountry "GER"]
[BlackTeamCountry "GER"]

1. e4 Nf6 2. Nc3 d5 3. e5 Ne4 4. Nce2 d4 5. d3 Nc5 6. Ng3 Nc6 7. f4 g6 8. Be2 Bg7 9. Nf3 0-0 10. 0-0 a5 11. Ng5 f6 12. exf6 exf6 13. N5e4 Nxe4 14. dxe4 Qe7 15. b3 Be6 16. Bb2 Qc5 17. Bd3 a4 18. a3 Rfe8 19. Kh1 Rad8 20. b4 Qb6 21. Rb1 Ba2 22. Ra1 Bf7 23. Rb1 Ba2 24. Ra1 Bf7 1/2-1/2

[Event "NRW Class1 0506"]
[Site "Germany"]
[Date "2005.09.25"]
[Round "1.6"]
[White "Mueller, Dieter"]
[Black "Weber, Franz Josef"]
[Result "1-0"]
[WhiteElo "2156"]
[BlackElo "2138"]
[PlyCount "121"]
[EventDate "2005.09.25"]
[EventType "team"]
[EventRounds "9"]
[EventCountry "GER"]
[SourceTitle "EXT 2006"]
[Source "ChessBase"]
[SourceDate "2005.11.24"]
[SourceVersion "1"]
[SourceVersionDate "2005.11.24"]
[SourceQuality "1"]
[WhiteTeam "Koeln Brueck"]
[BlackTeam "Monheim"]
[WhiteTeamCountry "GER"]
[BlackTeamCountry "GER"]

1. f4 Nf6 2. Nf3 d5 3. b3 c5 4. e3 Nc6 5. Bb2 e6 6. Bb5 Be7 7. 0-0 0-0 8. Bxc6 bxc6 9. Ne5 Qb6 10. d3 Ne8 11. Nc3 f6 12. Na4 Qc7 13. Nf3 Nd6 14. c4 Nf5 15. Qe2 Bd6 16. e4 Nd4 17. Bxd4 cxd4 18. e5 Be7 19. Nxd4 c5 20. Nf3 d4 21. exf6 gxf6 22. Nd2 Bd7 23. f5 e5 24. Nb2 Rf7 25. Rf3 Rg7 26. Raf1 Kh8 27. Ne4 a5 28. Rg3 Rag8 29. Rxg7 Rxg7 30. Qh5 Qc8 31. Ng3 Qg8 32. Qf3 Qc8 33. Nd1 Bc6 34. Ne4 a4 35. bxa4 Qa8 36. Ndf2 Qxa4 37. Qe2 Rg8 38. Rb1 Qa8 39. Rb2 Qc8 40. Ng3 Bd7 41. Qf3 Bc6 42. Nfe4 Qa8 43. Qe2 Qa3 44. Qc2 Qa5 45. Qb1 Qa8 46. Rb6 Bd8 47. Rb8 Qa5 48. Rc8 Bxe4 49. Nxe4 Be7 50. Rxg8+ Kxg8 51. Kf1 Kf7 52. Qb3 Qa7 53. a4 h5 54. Qb5 Qa8 55. a5 Qc8 56. a6 Qxf5+ 57. Kg1 Qg4 58. Qb1 f5 59. a7 Qg8 60. Qb7 Qg4 61. Qd5+ 1-0

[Event "NRW Class1 0405"]
[Site "Germany"]
[Date "2004.11.21"]
[Round "3.6"]
[White "Matzat, Andre"]
[Black "Mueller, Dieter"]
[Result "1-0"]
[WhiteElo "2128"]
[BlackElo "2199"]
[PlyCount "135"]
[EventDate "2004.10.10"]
[EventType "team"]
[EventRounds "9"]
[EventCountry "GER"]
[SourceTitle "EXT 2006"]
[Source "ChessBase"]
[SourceDate "2005.11.24"]
[SourceVersion "1"]
[SourceVersionDate "2005.11.24"]
[SourceQuality "1"]
[WhiteTeam "Essen Borbeck"]
[BlackTeam "Koeln Brueck"]
[WhiteTeamCountry "GER"]
[BlackTeamCountry "GER"]

1. Nf3 e6 2. c4 d5 3. d4 c6 4. Qc2 f5 5. Bf4 Nf6 6. e3 Bd6 7. Nc3 0-0 8. Bxd6 Qxd6 9. Bd3 Ne4 10. Ne5 Nd7 11. f4 Nxe5 12. fxe5 Qe7 13. 0-0 Bd7 14. Bxe4 fxe4 15. Ne2 Rxf1+ 16. Rxf1 Rf8 17. Rxf8+ Kxf8 18. Nf4 Qh4 19. g3 Qg4 20. b3 Qf3 21. Qe2 Qxe2 22. Nxe2 Ke7 23. Nf4 Be8 24. h4 g6 25. g4 h6 26. Kf2 Bf7 27. Ke2 Kd7 28. Kd2 Kc7 29. Kc3 Kb6 30. b4 Kc7 31. a4 a6 32. a5 Kd7 33. Ne2 Kc7 34. Nc1 Kd7 35. Nb3 Kc7 36. Nc5 Kc8 37. Na4 Kc7 38. Nb6 Kd8 39. Na8 Ke7 40. Nb6 Kd8 41. Na4 Kc7 42. Nc5 Bg8 43. Kb3 Bf7 44. Kc3 Bg8 45. Kb2 Bf7 46. Kb3 Bg8 47. Ka4 Bf7 48. b5 axb5+ 49. cxb5 cxb5+ 50. Kxb5 Be8+ 51. Kb4 Bf7 52. Na4 Kc6 53. Nc3 Be8 54. Nb5 Bd7 55. Nd6 Kc7 56. g5 hxg5 57. hxg5 Kc6 58. Nf7 Be8 59. Nd8+ Kc7 60. Nxe6+ Kc6 61. Nf4 Bf7 62. Ne2 Be6 63. Nc3 Bd7 64. Nb5 Be6 65. Na7+ Kd7 66. Kc5 Kc7 67. Nb5+ Kc8 68. Nc3 1-0

[Event "NRW Class1 0405"]
[Site "Germany"]
[Date "2004.10.10"]
[Round "1.6"]
[White "Steffen, Andreas"]
[Black "Mueller, Dieter"]
[Result "1/2-1/2"]
[WhiteElo "2162"]
[BlackElo "2199"]
[PlyCount "37"]
[EventDate "2004.10.10"]
[EventType "team"]
[EventRounds "9"]
[EventCountry "GER"]
[SourceTitle "EXT 2006"]
[Source "ChessBase"]
[SourceDate "2005.11.24"]
[SourceVersion "1"]
[SourceVersionDate "2005.11.24"]
[SourceQuality "1"]
[WhiteTeam "Werther"]
[BlackTeam "Koeln Brueck"]
[WhiteTeamCountry "GER"]
[BlackTeamCountry "GER"]

1. Nf3 e6 2. g3 d5 3. Bg2 Bd6 4. d3 c5 5. Nbd2 Nc6 6. e4 Qc7 7. 0-0 Nf6 8. Re1 0-0 9. c3 b6 10. Qe2 dxe4 11. dxe4 e5 12. Nf1 h6 13. Ne3 Ne7 14. Nh4 Re8 15. b3 Bb7 16. Ng4 Nxg4 17. Qxg4 Kh7 18. Nf5 Nxf5 19. Qxf5+ 1/2-1/2

[Event "NRW Class1 0304"]
[Site "Germany"]
[Date "2004.03.28"]
[Round "8.6"]
[White "Mueller, Dieter"]
[Black "Peter, Thomas"]
[Result "1/2-1/2"]
[WhiteElo "2179"]
[BlackElo "2244"]
[PlyCount "37"]
[EventDate "2003.09.28"]
[EventType "team"]
[EventRounds "9"]
[EventCountry "GER"]
[SourceTitle "CBM 098 Extra"]
[Source "ChessBase"]
[SourceDate "2004.03.10"]
[SourceVersion "2"]
[SourceVersionDate "2004.03.10"]
[SourceQuality "1"]
[WhiteTeam "Koeln Brueck"]
[BlackTeam "Wattenscheid II"]
[WhiteTeamCountry "GER"]
[BlackTeamCountry "GER"]

1. e4 e6 2. Nf3 d5 3. e5 c5 4. b4 cxb4 5. d4 Nc6 6. a3 bxa3 7. c3 Qa5 8. Bxa3 Bxa3 9. Rxa3 Qc7 10. Bd3 f6 11. Qe2 Nge7 12. exf6 gxf6 13. 0-0 0-0 14. Nh4 Bd7 15. Bxh7+ Kxh7 16. Qh5+ Kg7 17. Qg4+ Kf7 18. Qh5+ Kg7 19. Qg4+ 1/2-1/2

[Event "Biel MTO op"]
[Site "Biel"]
[Date "2003.07.27"]
[Round "6"]
[White "Mueller, Dieter"]
[Black "Miltner, Arndt"]
[Result "0-1"]
[WhiteElo "2179"]
[BlackElo "2383"]
[PlyCount "46"]
[EventDate "2003.07.19"]
[EventType "swiss"]
[EventRounds "11"]
[EventCountry "SUI"]
[SourceTitle "CBM 095 Extra"]
[Source "ChessBase"]
[SourceDate "2003.09.04"]
[SourceVersion "1"]
[SourceVersionDate "2003.09.04"]
[SourceQuality "1"]

1. e4 d6 2. Nc3 Nf6 3. f4 d5 4. exd5 Nxd5 5. Nxd5 Qxd5 6. Nf3 c5 7. Be2 Nc6 8. 0-0 g6 9. c3 Bg7 10. Qa4 0-0 11. d3 Bf5 12. Rd1 Rad8 13. Be3 b6 14. Nh4 Bd7 15. Qe4 Qd6 16. Bf2 f5 17. Qe3 e5 18. Bg3 Bh6 19. Qd2 exf4 20. Nf3 g5 21. Bf2 g4 22. d4 gxf3 23. Bc4+ Be6 0-1

[Event "Troisdorf op"]
[Site "Troisdorf"]
[Date "2002.11.12"]
[Round "3"]
[White "Ostenda, Eric"]
[Black "Mueller, Dieter"]
[Result "1-0"]
[WhiteElo "1958"]
[BlackElo "2103"]
[PlyCount "71"]
[EventDate "2002.10.??"]
[EventType "swiss"]
[EventRounds "7"]
[EventCountry "GER"]
[SourceTitle "EXT 2005"]
[Source "ChessBase"]
[SourceDate "2004.11.15"]
[SourceVersion "1"]
[SourceVersionDate "2004.11.15"]
[SourceQuality "1"]

1. e4 e6 2. d4 d5 3. Nc3 Bb4 4. e5 c5 5. a3 Bxc3+ 6. bxc3 Qc7 7. Qg4 f6 8. Bb5+ Nc6 9. Ne2 fxe5 10. dxe5 Qxe5 11. Bf4 Qf6 12. Bd6 c4 13. 0-0 h5 14. Qf4 Qxf4 15. Nxf4 Kd7 16. Bf8 Rh7 17. Rfe1 Ke8 18. Bc5 Kf7 19. Bxc6 bxc6 20. h4 Nf6 21. f3 Rh8 22. Rab1 Re8 23. Bd4 g6 24. Nh3 Nh7 25. Re5 Re7 26. g4 hxg4 27. fxg4 Kg8 28. Nf4 Nf8 29. Rg5 Kh7 30. h5 Kh6 31. Nh3 gxh5 32. Rxh5+ Kg6 33. Rf1 e5 34. Bc5 Nh7 35. Bxe7 Bxg4 36. Rh4 1-0

[Event "Leverkusen-ch op 14th"]
[Site "Leverkusen"]
[Date "2002.04.08"]
[Round "7"]
[White "Mueller, Dieter"]
[Black "Scharff, Klaus"]
[Result "0-1"]
[WhiteElo "2140"]
[BlackElo "1885"]
[PlyCount "122"]
[EventDate "2002.01.14"]
[EventType "swiss"]
[EventRounds "9"]
[EventCountry "GER"]
[SourceTitle "EXT 2004"]
[Source "ChessBase"]
[SourceDate "2003.11.25"]
[SourceVersion "1"]
[SourceVersionDate "2003.11.25"]
[SourceQuality "1"]

1. e4 e6 2. d4 d5 3. exd5 exd5 4. c4 Nf6 5. Nc3 Be7 6. Nf3 0-0 7. Be2 dxc4 8. Bxc4 Bg4 9. Be3 Nc6 10. 0-0 Bxf3 11. Qxf3 Nxd4 12. Qxb7 Rb8 13. Qa6 Rxb2 14. Rad1 c5 15. Nb5 Ng4 16. Nxd4 Nxe3 17. Nc6 Nxd1 18. Nxd8 Rxd8 19. Qxa7 Bf6 20. Qxf7+ Kh8 21. Re1 Rbb8 22. Qh5 Nb2 23. Be6 g6 24. Qf3 Rf8 25. Qg3 Bd4 26. Rf1 Rbe8 27. Qh3 Rf6 28. Bg4 Rxf2 29. g3 Nd3 30. Rxf2 Nxf2 31. Qh4 Nxg4+ 32. Kg2 Ne3+ 33. Kf3 Nf5 34. Qg5 Kg7 35. Qf4 Re3+ 36. Kg2 Re2+ 37. Kh3 h5 38. Qc7+ Re7 39. Qc6 g5 40. Qc8 g4+ 41. Kg2 Ne3+ 42. Kf2 Nd5+ 43. Kf1 Rf7+ 44. Ke1 Bf2+ 45. Kd2 Re7 46. Qd8 Be1+ 47. Kc1 Re5 48. Qd6 Bc3 49. Qxc5 Kf6 50. Qf8+ Ke6 51. Qe8+ Kd6 52. Qb8+ Kc5 53. Qf8+ Kd4 54. Qf2+ Ne3 55. Qf6 Kd3 56. Qa6+ Nc4 57. Qg6+ Re4 58. Qf5 Bb2+ 59. Kb1 Kc3 60. Qf6+ Rd4 61. a4 Kb3 0-1

[Event "Vlissingen HZ op 05th"]
[Site "Vlissingen"]
[Date "2001.07.29"]
[Round "3"]
[White "Nijboer, Friso"]
[Black "Mueller, Dieter"]
[Result "1-0"]
[WhiteElo "2551"]
[BlackElo "2183"]
[PlyCount "89"]
[EventDate "2001.07.28"]
[EventType "swiss"]
[EventRounds "9"]
[EventCountry "NED"]
[SourceTitle "CBM 083 Extra"]
[Source "ChessBase"]
[SourceDate "2001.09.11"]
[SourceVersion "1"]
[SourceVersionDate "2001.09.11"]
[SourceQuality "1"]

1. e4 e6 2. d3 d5 3. Qe2 Be7 4. Nf3 Nf6 5. g3 c5 6. Bg2 Nc6 7. 0-0 dxe4 8. dxe4 e5 9. c3 0-0 10. Nbd2 Be6 11. Nc4 Bxc4 12. Qxc4 Qc7 13. Qe2 Rfd8 14. Ne1 Qd6 15. Nc2 Qd3 16. Qxd3 Rxd3 17. Ne3 Rd7 18. Re1 Rad8 19. b3 b5 20. Nd5 Ne8 21. Nxe7+ Rxe7 22. Be3 c4 23. bxc4 bxc4 24. Bf1 Na5 25. Rab1 Rc7 26. Rb5 Nc6 27. Rc5 Nd6 28. Rd1 Nb7 29. Rxd8+ Nbxd8 30. Bxc4 h6 31. Bb5 Kf8 32. Bc1 Kg8 33. Ba3 f6 34. Bb4 Rc8 35. Bc4+ Kh7 36. Bd5 Ne7 37. Rxc8 Nxc8 38. Ba5 Nb6 39. Bxb6 axb6 40. a4 Kg6 41. c4 Nf7 42. Bxf7+ Kxf7 43. c5 bxc5 44. a5 c4 45. Kf1 1-0

[Event "Leverkusen op"]
[Site "Leverkusen"]
[Date "2001.??.??"]
[Round "3"]
[White "Balduan, Markus"]
[Black "Mueller, Dieter"]
[Result "1/2-1/2"]
[WhiteElo "2312"]
[BlackElo "2190"]
[PlyCount "91"]
[EventDate "2001.??.??"]
[EventType "swiss"]
[EventRounds "9"]
[EventCountry "GER"]
[SourceTitle "EXT 2002"]
[Source "ChessBase"]
[SourceDate "2001.11.25"]
[SourceVersion "1"]
[SourceVersionDate "2001.11.25"]
[SourceQuality "1"]

1. c4 e5 2. g3 Nf6 3. Bg2 d5 4. cxd5 Nxd5 5. Nc3 Nb6 6. Nf3 Nc6 7. a3 Be7 8. b4 a6 9. 0-0 0-0 10. d3 f5 11. Qb3+ Kh8 12. Bb2 Bf6 13. Rac1 Qe7 14. e4 Be6 15. Qc2 f4 16. Ne2 fxg3 17. hxg3 Rad8 18. Rcd1 Qf7 19. Qc1 Bg4 20. Qe3 Qh5 21. Rfe1 Be7 22. Nh2 Bg5 23. f4 exf4 24. gxf4 Bxe2 25. Qxe2 Qxe2 26. Rxe2 Bxf4 27. Ree1 Ne5 28. Bxe5 Bxe5 29. Nf3 Bd4+ 30. Nxd4 Rxd4 31. e5 c6 32. e6 Kg8 33. Bh3 g6 34. Rd2 Kg7 35. Rf2 Rxf2 36. Kxf2 Kf8 37. Ke3 Rh4 38. Rf1+ Ke8 39. Bg2 Ke7 40. Rf7+ Kxe6 41. Rxb7 Nd5+ 42. Bxd5+ Kxd5 43. Rd7+ Ke6 44. Ra7 Kd5 45. Rd7+ Ke6 46. Ra7 1/2-1/2

[Event "Leverkusen op"]
[Site "Leverkusen"]
[Date "2001.??.??"]
[Round "4"]
[White "Mueller, Dieter"]
[Black "Negele, Michael"]
[Result "1/2-1/2"]
[WhiteElo "2190"]
[BlackElo "2229"]
[PlyCount "100"]
[EventDate "2001.??.??"]
[EventType "swiss"]
[EventRounds "9"]
[EventCountry "GER"]
[SourceTitle "EXT 2002"]
[Source "ChessBase"]
[SourceDate "2001.11.25"]
[SourceVersion "1"]
[SourceVersionDate "2001.11.25"]
[SourceQuality "1"]

1. f4 c5 2. e4 d5 3. Bb5+ Bd7 4. Bxd7+ Qxd7 5. exd5 Qxd5 6. Qe2 Nc6 7. Nc3 Qf5 8. Qe4 Qxe4+ 9. Nxe4 Nd4 10. Kd1 e6 11. c3 Nc6 12. Nf3 Be7 13. Ne5 Nxe5 14. fxe5 Rd8 15. Re1 Rd5 16. Nf2 Nh6 17. Kc2 Nf5 18. g3 0-0 19. d3 Rfd8 20. Bf4 g5 21. Bd2 h6 22. Re4 Kh7 23. Rg1 Rg8 24. Ng4 h5 25. Ne3 Nxe3+ 26. Bxe3 Rgd8 27. Rf1 Kg6 28. Rd1 b5 29. Bg1 a6 30. Re3 Bf8 31. Rf1 Bg7 32. Rfe1 g4 33. R1e2 R8d7 34. Re4 Bf8 35. d4 cxd4 36. cxd4 Rc7+ 37. Kd3 Rc1 38. Re1 Rc4 39. b3 Rc7 40. Be3 Ba3 41. Re2 Rd8 42. Rc2 Rxc2 43. Kxc2 Rc8+ 44. Kd3 Bb2 45. Bd2 Rc7 46. Rf4 Rd7 47. Rf6+ Kg7 48. Bh6+ Kg8 49. Be3 Kg7 50. Rf2 Ba3 1/2-1/2